Adivinhe a música da Taylor Swift sem dicas #14 - Statistics

Estatísticas Gerais
  • Esse quiz foi jogado 117 vezes
  • A pontuação média é 152 de 332
Estatísticas das Respostas
Resposta % Correto
I
99%
a
93%
you
93%
You
93%
me
88%
the
88%
we
83%
be
82%
my
81%
on
78%
On
78%
an
75%
it
73%
It
73%
where
73%
in
72%
In
72%
to
71%
To
71%
(to
71%
so
69%
And
66%
go
66%
is
65%
Is
65%
(is
65%
That
65%
that
65%
this
65%
This
65%
when
64%
were
63%
was
62%
for
60%
all
53%
(all
53%
What
53%
of
52%
I'm
49%
could
47%
one
47%
would
46%
just
44%
can
42%
(can
42%
but
40%
But
40%
been
39%
I've
39%
had
38%
there
38%
Oh,
37%
think
37%
Can't
36%
(can't
36%
not
36%
down
35%
(If
35%
bad
34%
get
34%
now)
33%
lost
31%
should
31%
will
31%
does
29%
Evermore
29%
(Evermore)
29%
(evermore)
29%
evermore
29%
we'll
29%
out
27%
(Out
27%
remember
26%
feeling
25%
Gray
25%
since
25%
pain
24%
couldn't
22%
July
22%
November
22%
peculiar
21%
Put
21%
breath
20%
Hey
20%
went
20%
wouldn't
20%
light
19%
sure
19%
catching
18%
Catching
18%
Or
18%
(or
18%
find
17%
thought
17%
wrong
17%
December
16%
things
16%
used
16%
very
16%
death
15%
fire
15%
Motion
15%
step
15%
again
13%
again)
13%
capture
13%
days
13%
days)
13%
each
13%
real
13%
trying
13%
under
13%
being
12%
cost
12%
cost)
12%
fight
12%
footsteps
12%
moment
12%
window
12%
open
11%
replay
11%
stone
11%
Guess
10%
pause
10%
pause?
10%
pause?)
10%
Sending
10%
signals
10%
tall
10%
Addressed
9%
cross?
9%
cross?)
9%
letters
9%
Staring
9%
stepping
9%
wildest
9%
Writing
9%
Barefoot
8%
crossed
8%
through
8%
winter
8%
dog
7%
dreamed
7%
line
7%
rewind
7%
tape
7%
waves,
7%
waves
7%
cabin
6%
double
6%
tossed
6%
tossed)
6%
unmoored
6%
violence
6%
certain
4%
cracks
4%
Floors
4%
frost
4%
frost)
4%
swear
4%
weather
4%
Whether
4%
(whether
4%
costs)
3%
enough
3%
shipwrecked
3%
creaking
2%
Nenhum quiz correspondente encontrado
Distribuição das Pontuações
Porcentagem de Pessoas com Cada Pontuação
Percentil de Números Respondidos
Sua Pontuação Histórica
Você não jogou esse quiz